Online
Catalog

La Masoras : (Record no. 41222)

MARC details
000 -CABECERA
campo de control de longitud fija 00910nam a2200169 a 4500
001 - NÚMERO DE CONTROL
campo de control 000041733
005 - FECHA Y HORA DE LA ÚLTIMA TRANSACCIÓN
campo de control 20201002035726.0
008 - DATOS DE LONGITUD FIJA--INFORMACIÓN GENERAL
campo de control de longitud fija 131016s2004 sp 000 0 spa d
040 ## - FUENTE DE LA CATALOGACIÓN
Centro catalogador/agencia de origen DO-SdBNP
Lengua de catalogación spa
Centro/agencia transcriptor BNPHU
100 1# - ENTRADA PRINCIPAL--NOMBRE DE PERSONA
Nombre de persona Azcárraga Servet, María Josefa
9 (RLIN) 68574
245 13 - MENCIÓN DE TÍTULO
Título La Masoras :
Resto del título del libro de Levítico :
-- cídice MI de la Universidad Computense de Madrid /
Mención de responsabilidad, etc. María Josefa Azcárraga Servet.
260 ## - PUBLICACIÓN, DISTRIBUCIÓN, ETC.
Lugar de publicación, distribución, etc. Madrid :
Nombre del editor, distribuidor, etc. Instituto de Filología del CSIC, Departamento de Filología Bíblica y de Oriente Antiguo,
Fecha de publicación, distribución, etc. 2004.
300 ## - DESCRIPCIÓN FÍSICA
Extensión v.
-- 27 cm.
490 1# - MENCIÓN DE SERIE
Mención de serie Textos y estudios "Cardenal Cisneros" de la biblía políglota matritense ;
Designación de volumen o secuencia 74
710 2# - PUNTO DE ACCESO ADICIONAL--NOMBRE DE ENTIDAD CORPORATIVA
Nombre de entidad corporativa o nombre de jurisdicción como elemento de entrada Instituto de Filología (Consejo Superior de Investigaciones Científicas (España) Departamento de Filología Bíblica y de Oriente Antiguo,
9 (RLIN) 68575
830 #0 - PUNTO DE ACCESO ADICIONAL DE SERIE-TÍTULO UNIFORME
Título uniforme Textos y estudios "Cardenal Cisneros" de la biblía políglota matritense ;
Designación de volumen o secuencia 74
9 (RLIN) 15280
Holdings
Estado de retiro Estado de pérdida Restricciones de uso No para préstamo Código de colección Localización permanente Ubicación/localización actual Ubicación en estantería Fecha de adquisición Número de inventario Total de préstamos Signatura topográfica completa Código de barras Fecha visto por última vez Precio válido a partir de Tipo de ítem Koha
      Excluido de préstamo Monografías: Libros y Folletos General General En catalogación 16.10.2013 LF1   41733-10 25.06.2020 25.06.2020 No se presta

Powered by Koha